| 000 | 00400cam a22001217a 4500 | ||
|---|---|---|---|
| 008 | 180718b1966 xxu||||| |||| 00| 0 eng d | ||
| 082 | _aT1121x54 C393 | ||
| 100 | _aChaudhry, Mahinder D. | ||
| 245 |
_aRegional income accounting in an under-developed economy: a case study of India _cby M.D. Chaudhry |
||
| 260 |
_aCalcutta _bMukhopadhyay _c1966 |
||
| 300 | _a144p. | ||
| 650 | _aIncome Accounting - India | ||
| 999 |
_c362321 _d362321 |
||